| 000 | 00531nam a22002057a 4500 | ||
|---|---|---|---|
| 003 | OSt | ||
| 005 | 20140310184528.0 | ||
| 008 | 131107t xxu||||| |||| 00| 0 eng d | ||
| 020 | _a059043262 | ||
| 050 |
_aPZ 7 _b.P485 1991 |
||
| 100 |
_aPeterson, John. _94724 |
||
| 245 |
_aThe littles and the lost children / _cJohn Peterson. |
||
| 260 |
_aNew York: _bScholastic Inc., _cc1991. |
||
| 300 |
_a111 p. : _bill. ; _c19 cm. |
||
| 521 | _aG4 | ||
| 526 | _c600 | ||
| 942 |
_2lcc _cBK-SCHOLAS |
||
| 999 |
_c35177 _d35177 |
||